Paroles - Nathalie - Gilbert Bécaud - Statistiques

Statistiques générales
  • Ce quiz a été pris 117 fois
  • Le résultat moyen est 170 sur 223
Statistiques - réponses
Paroles % Correct
a
100%
à
100%
C'
100%
c'
100%
Et
100%
l'
100%
L'
100%
n'
100%
Nathalie
100%
Nathalie,
100%
était
99%
La
99%
la
99%
99%
place
99%
Rouge
99%
d'
98%
De
98%
de
98%
ma
98%
vide
98%
guide
96%
moi
96%
mon
96%
un
94%
Elle
93%
elle
93%
avait
91%
le
91%
Le
91%
par
91%
Il
89%
Devant
88%
joli
86%
au
85%
blanche
85%
marchait
84%
nom,
84%
On
84%
on
84%
qu'
84%
café
81%
sa
80%
Dans
79%
en
79%
En
79%
je
79%
Je
79%
les
76%
Pouchkine
76%
lui
75%
me
75%
est,
73%
est
73%
ce
71%
chocolat
71%
des
71%
neige
71%
Boire
70%
révolution
70%
octobre
69%
qui
69%
ri,
69%
parlait
68%
Une
68%
froid,
66%
souri
66%
Lénine
65%
chambre
64%
servirai
64%
tombeau
64%
phrases
63%
plus
63%
Que
63%
tapis
63%
tout
63%
faisait
61%
Paris
61%
irait
60%
sobres
60%
jour
59%
chanté
58%
chez
58%
dansé
58%
Du
58%
après
56%
beaucoup
56%
déjà
56%
étudiants
56%
Moscou,
56%
parlé
56%
bras,
54%
cheveux
54%
pris
54%
université
54%
blonds,
53%
pensais
53%
bande
50%
dimanche
50%
avec
49%
quand
49%
Ukraine
49%
Champs-
48%
Ils
48%
ils
48%
Mais
48%
Ni
48%
sais
48%
vie
48%
Élysées
46%
impatiemment
46%
plaines
46%
attendait
45%
Fini
45%
France
45%
suivais
45%
semble
44%
loin
43%
mélangé
43%
puis
43%
partis
41%
traduisait
41%
champagne
40%
étaient
40%
seul
40%
suis
40%
ont
39%
fut
38%
question
38%
savoir
38%
Tous
36%
voulaient
36%
amis
34%
resté
33%
avance
31%
débouché
30%
riant
29%
Aucun quiz correspondant
Distribution des résultats
% des personnes avec chaque résultat
Percentile par nombre de réponses
Votre historique - résultats
Vous n’avez pas pris ce quiz